000 00523nam a22001817a 4500
005 20251108172744.0
008 250721s2001 xx 000 0 ara d
082 1 4 _a801/يوس
100 1 _aاليوسف، يوسف سامي
_eمؤلف
245 1 0 _aالخيال و الحرية مساهمة في نظرية الأدب /
264 1 _aدمشق :
_bدار كنعان،
_c2001.
300 _a120ص.
650 1 7 _aالأدب
650 1 7 _aالنظرية
650 1 7 _aالخيال
942 _2ddc
_cBK
999 _c87688
_d87688